| 000 | 00619nam a2200205 a 4500 | ||
|---|---|---|---|
| 001 | 16498 | ||
| 003 | CO-ViMGA | ||
| 008 | 141112s2004 ck r 000 u spa d | ||
| 020 | _a8888405011 | ||
| 040 |
_aCO-ViMGA _bspa _cCO-ViMGA |
||
| 082 | 0 | 4 | _a853.9 A762c |
| 100 | 1 |
_aAsociación de escritores de Bolonia, _923543 |
|
| 245 | 1 | 0 |
_aCarretera central : _bVia Emilia |
| 260 |
_aCesena (Italia) : _bMinistero peri benie le attivita culturali, _c2001 |
||
| 300 | _a112.p. | ||
| 490 | _aUn mar de sueños | ||
| 590 | _aForma de adquisición : Premio - Mincultura | ||
| 650 | 1 | 4 |
_aNOVELA ITALIANA _92688 |
| 942 |
_2ddc _cBK |
||
| 999 |
_c26311 _d26311 |
||